000 00332nam a22001097a 4500
008 230704b xxu||||| |||| 00| 0 eng d
082 _a362.7
_bUNI 2000
245 _aNational Report for the Special Session of the UN General Assembly on Follow Up to the World Summit for Children
260 _c2000
300 _a23p
942 _2ddc
_cBK
999 _c3805
_d3805